<?xml version="1.0" encoding="UTF-8"?>
<record
    xmlns:xsi="http://www.w3.org/2001/XMLSchema-instance"
    xsi:schemaLocation="http://www.loc.gov/MARC21/slim http://www.loc.gov/standards/marcxml/schema/MARC21slim.xsd"
    xmlns="http://www.loc.gov/MARC21/slim">

  <leader>00566nam a2200169Ia 4500</leader>
  <controlfield tag="008">180921t2020    xxu||||| |||| 00| 0 sin d</controlfield>
  <datafield tag="041" ind1=" " ind2=" ">
    <subfield code="a">sin</subfield>
  </datafield>
  <datafield tag="080" ind1=" " ind2=" ">
    <subfield code="a">8-31</subfield>
    <subfield code="b">&#xDBD;&#xDD2;&#xDB1;&#xDCA;&#xD9C;&#xDCA;&#x200D;&#xDBB;</subfield>
  </datafield>
  <datafield tag="100" ind1=" " ind2=" ">
    <subfield code="a">&#xDBD;&#xDD2;&#xDB1;&#xDCA;&#xD9C;&#xDCA;&#x200D;&#xDBB;&#xDB1;&#xDCA;, &#xD87;&#xDC3;&#xDCA;&#xDA7;&#xDCA;&#x200D;&#xDBB;&#xDD2;&#xDA9;&#xDCA;</subfield>
  </datafield>
  <datafield tag="245" ind1=" " ind2=" ">
    <subfield code="a">&#xDB4;&#xDD2;&#xDB4;&#xDCA;&#xDB4;&#xDD2; &#xDB1;&#xDD0;&#xDC0;&#xDCA; &#xDB1;&#xD9C;&#xDD2;&#xDBA;&#xDD2;</subfield>
  </datafield>
  <datafield tag="260" ind1=" " ind2=" ">
    <subfield code="b">&#xD9C;&#xDDC;&#xDA9;&#xD9C;&#xDDA;</subfield>
    <subfield code="a">&#xD9A;&#xDDC;&#xDC5;&#xDB9;</subfield>
    <subfield code="c">2020</subfield>
  </datafield>
  <datafield tag="300" ind1=" " ind2=" ">
    <subfield code="a">&#xDC3;&#xDD9;.&#xDB8;&#xDD2;.21, &#xDB4;&#xDD2;.160</subfield>
  </datafield>
  <datafield tag="700" ind1=" " ind2=" ">
    <subfield code="a">&#xDC0;&#xDD2;&#xDA2;&#xDD2;&#xDAD; &#xD9C;&#xDD4;&#xDAB;&#xDBB;&#xDAD;&#xDCA;&#xDB1;</subfield>
    <subfield code="e">&#xDB4;&#xDBB;&#xDD2;.</subfield>
  </datafield>
  <datafield tag="942" ind1=" " ind2=" ">
    <subfield code="c">BK</subfield>
  </datafield>
  <datafield tag="952" ind1=" " ind2=" ">
    <subfield code="0">0</subfield>
    <subfield code="1">0</subfield>
    <subfield code="4">0</subfield>
    <subfield code="7">0</subfield>
    <subfield code="8">TRAN</subfield>
    <subfield code="a">MAIN</subfield>
    <subfield code="b">MAIN</subfield>
    <subfield code="d">2022-12-08</subfield>
    <subfield code="o">8-31 &#xDBD;&#xDD2;&#xDB1;&#xDCA;&#xD9C;&#xDCA;&#x200D;&#xDBB;</subfield>
    <subfield code="p">173004</subfield>
    <subfield code="r">2023-06-01</subfield>
    <subfield code="w">2023-06-01</subfield>
    <subfield code="y">BK</subfield>
  </datafield>
  <datafield tag="999" ind1=" " ind2=" ">
    <subfield code="c">11511</subfield>
    <subfield code="d">11511</subfield>
  </datafield>
  <controlfield tag="003">LK-CoDNM</controlfield>
  <datafield tag="040" ind1=" " ind2=" ">
    <subfield code="a">LK-CoDNM</subfield>
    <subfield code="d">LK-CoDNM</subfield>
    <subfield code="e">LK-CoDNM</subfield>
  </datafield>
</record>
